Welcome to the Holygrace Academy Library

Please use search bar below to get started

MAGIV ANIMAL FRIENDS (Record no. 3541)

MARC details
000 -LEADER
fixed length control field 00331nam a22001457a 4500
020 ## - INTERNATIONAL STANDARD BOOK NUMBER
ISBN 787406026268
082 ## - DEWEY DECIMAL CLASSIFICATION NUMBER
Classification number 825
Item number MEA/M
100 ## - MAIN ENTRY--AUTHOR NAME
Personal name MEADOWS, DAISY
245 ## - TITLE STATEMENT
Title MAGIV ANIMAL FRIENDS
Remainder of title MOLLY TWINKLETAIL RUNS AWAY
260 ## - PUBLICATION, DISTRIBUTION, ETC. (IMPRINT)
Name of publisher ORCHARD BOOKS
300 ## - PHYSICAL DESCRIPTION
Number of Pages 102
520 ## - SUMMARY, ETC.
Summary, etc SHORT STORY
650 ## - SUBJECT ADDED ENTRY--TOPICAL TERM
Topical Term SHORT STORY
942 ## - ADDED ENTRY ELEMENTS (KOHA)
Koha item type Books
Holdings
Withdrawn status Lost status Collection code Home library Current library Shelving location Date acquired Source of acquisition Cost, normal purchase price Full call number Accession Number Koha item type
    Fiction Main Library Main Library SHELF 4-G FAIRY TALES,COMICS 03/10/2019 Purchase 30.00 825 MEA/M 11550 Books